Programación de base de datos con Visual Basic.NET (Registro nro. 6106)
[ vista simple ]
| 000 -CABECERA | |
|---|---|
| campo de control de longitud fija | 00770ata a2200289 4500 |
| 005 - FECHA Y HORA DE ACTUALIZACIÓN | |
| campo de control | 20170109150218.0 |
| 008 - LONGITUD FIJA | |
| campo de control de longitud fija | 150601b xxu||||| |||| 00| 0 spa d |
| 041 ## - IDIOMA | |
| Código de idioma del texto/pista de sonido o título separado | |
| 082 ## - CLASIFICACIÓN DECIMAL DEWEY | |
| Número de clasificación | 005.262 H997p |
| 100 ## - AUTOR PERSONAL | |
| Nombre de persona | Hynes, Richard |
| 245 ## - TÍTULO PROPIAMENTE DICHO | |
| Título | Programación de base de datos con Visual Basic.NET |
| 260 ## - PIE DE IMPRENTA | |
| Lugar de publicación, distribución, etc. | España |
| 260 ## - PIE DE IMPRENTA | |
| Nombre del editor, distribuidor, etc. | Prentice-Hall |
| 260 ## - PIE DE IMPRENTA | |
| Fecha de publicación, distribución, etc. | 2003 |
| 300 ## - DESCRIPCIÓN FÍSICA | |
| Extensión | 384 páginas |
| 650 ## - Materia General | |
| Materia general | LENGUAJES DE PROGRAMACIÓN |
| 650 ## - Materia General | |
| Materia general | VISUAL BASIC.NET |
| 650 ## - Materia General | |
| Materia general | BASES DE DATOS |
| 650 ## - Materia General | |
| Materia general | SQL |
| 650 ## - Materia General | |
| Materia general | DATAREADER |
| 650 ## - Materia General | |
| Materia general | DATAADAPTER |
| 650 ## - Materia General | |
| Materia general | DATASET |
| 650 ## - Materia General | |
| Materia general | ACTIVE SERVER PAGES |
| 650 ## - Materia General | |
| Materia general | PÁGINAS WEB |
| 650 ## - Materia General | |
| Materia general | SEGURIDAD |
| 942 ## - Punto de Acceso Adicional Koha | |
| Tipo de ítem Koha | Libro |
| Estado perdido | Estado dañado | No para préstamo | Biblioteca permanente | Biblioteca actual | Signatura completa | Código de barras | Precio efectivo a partir del | Tipo de ítem |
|---|---|---|---|---|---|---|---|---|
| Departamento de Biblioteca y Documentación Alfonso Chase Brenes | Departamento de Biblioteca y Documentación Alfonso Chase Brenes | 005.262 H997p | 9849 | 09/01/2017 | Libro |